| 000 | 01118nam a22002897a 4500 | ||
|---|---|---|---|
| 001 | BD-DhSAU 8665 | ||
| 003 | BD-DhSAU | ||
| 005 | 20181218103610.0 | ||
| 008 | 150613b2016 bg a|||| m||| 00| 0 eng d | ||
| 040 | _aBD-DhSAU | ||
| 082 |
_222 _a595.7 _bR1291 |
||
| 100 |
_a Rahad , Mohammad Abdullah-Al _4Registration No. # 09-03402 |
||
| 245 |
_aVarietal screening of Mungbean against Whitefly and Aphid / _c Rahad , Mohammad Abdullah-Al _bMs Thesis |
||
| 260 |
_aSher-e-Bangla Agricultural University : _bDepartment of Entomology, _c2016. |
||
| 300 |
_avi, 62p. : _bill. ; _c30 cm. |
||
| 500 | _aMS thesis of Department of Entomology, Faculty of Agriculture, Sher-e-Bangla Agricultural University, Dhaka, Bangladesh | ||
| 504 | _aIncludes bibliographical references. | ||
| 590 | _aShofi | ||
| 650 | _aEntomology | ||
| 650 | _a Mungbean | ||
| 650 | _a Whitefly | ||
| 650 | _aAphid | ||
| 700 |
_aBhuiyan , Md. Serajul Islam _eSuperviser |
||
| 700 |
_a Akter , Tahmina _eCo-superviser |
||
| 856 |
_uhttp://archive.saulibrary.edu.bd:8080/xmlui/handle/123456789/1638 _yOnline Access |
||
| 942 |
_2ddc _cTHESIS |
||
| 999 |
_c14132 _d14131 |
||